[Event "FIDE World Senior Team Championship 2020"]
[Site "Olympik hotel, Sokolovska 138,"]
[Date "2020.03.06"]
[Round "1.14"]
[White "Lehtosaari, Kalevi"]
[Black "Singer, Hans"]
[Result "1/2-1/2"]
[WhiteElo "1998"]
[BlackElo "2168"]
[PlyCount "127"]
[EventDate "2020.03.06"]
[WhiteTeam "FIN1"]
[BlackTeam "AUT1"]

1. c4 Nf6 2. Nc3 e6 3. e4 d5 4. e5 d4 5. exf6 dxc3 6. bxc3 Qxf6 7. d4 c5 8. Nf3
h6 9. Bd3 Bd6 10. O-O Nd7 11. Re1 O-O 12. Qe2 Rd8 13. Qe4 Nf8 14. Be3 Qe7 15.
Bf4 Bxf4 16. Qxf4 b6 17. Rad1 Bb7 18. d5 Qd6 19. Qh4 exd5 20. cxd5 Re8 21. c4
Nd7 22. Qg3 Qxg3 23. fxg3 Kf8 24. Kf2 Rxe1 25. Rxe1 Re8 26. Rb1 Ke7 27. a4 Kd6
28. a5 Kc7 29. axb6+ axb6 30. g4 Ne5 31. Nxe5 Rxe5 32. h4 Bc8 33. Kf3 g5 34.
d6+ Kxd6 35. Rxb6+ Ke7 36. Rxh6 Bb7+ 37. Kf2 gxh4 38. Rxh4 Be4 39. Bf1 Re6 40.
Kg3 Bg6 41. Rh8 Re3+ 42. Kf2 Rc3 43. Rh3 Rc2+ 44. Be2 Kd6 45. Re3 Rd2 46. Re8
Kd7 47. Re5 Kd6 48. Re3 Rd4 49. Re8 Kd7 50. Re3 Rd2 51. Kg3 Rd4 52. Rc3 Kd6 53.
Bf3 Be4 54. Rc1 Ke5 55. Be2 Rd2 56. Bf1 Kd4 57. g5 Bd3 58. Bxd3 Rxd3+ 59. Kg4
Rd2 60. Kh3 Rf2 61. Kg4 Rxg2+ 62. Kh5 Rh2+ 63. Kg4 Rg2+ 64. Kh5 1/2-1/2

[Event "FIDE World Senior Team Championship 2020"]
[Site "Olympik hotel, Sokolovska 138,"]
[Date "2020.03.06"]
[Round "1.14"]
[White "Mira, Helene"]
[Black "Ruotanen, Helge"]
[Result "0-1"]
[WhiteElo "2092"]
[BlackElo "1927"]
[PlyCount "120"]
[EventDate "2020.03.06"]
[WhiteTeam "AUT1"]
[BlackTeam "FIN1"]

1. d4 g6 2. c4 Bg7 3. Nc3 d6 4. e4 Nf6 5. Be2 O-O 6. Nf3 Bg4 7. Ng1 Bd7 8. Nf3
Na6 9. O-O c5 10. Be3 Ng4 11. Bg5 Rc8 12. h3 cxd4 13. Nxd4 Ne5 14. b3 Nc6 15.
Ndb5 Nc7 16. Rc1 Ne6 17. Bd2 a6 18. Na3 Ned4 19. Nc2 Nxe2+ 20. Nxe2 b5 21. cxb5
axb5 22. Nb4 Nxb4 23. Bxb4 Rxc1 24. Nxc1 Qa8 25. Re1 Rc8 26. Qd2 Rc7 27. Nd3
Ra7 28. a3 Be6 29. Qa2 g5 30. f4 h6 31. f5 Bd7 32. Qc2 Qb8 33. Rc1 Qb6+ 34. Nf2
Be5 35. Qe2 e6 36. Kh1 exf5 37. exf5 Bxf5 38. Ng4 Bxg4 39. Qxg4 Rc7 40. Rf1 Qe3
41. Qf3 Qxf3 42. gxf3 Rc2 43. Rd1 Rh2+ 44. Kg1 Rxh3 45. Kf2 Rh2+ 46. Ke3 Rb2
47. Ke4 Rxb3 48. Rd5 Kg7 49. Rxb5 Kg6 50. Rb6 f5+ 51. Kd5 Rxf3 52. a4 g4 53. a5
g3 54. a6 g2 55. Bc5 Rd3+ 56. Ke6 Bd4 57. a7 g1=Q 58. a8=Q Qe3+ 59. Kd7 Bxc5
60. Qg8+ Kh5 0-1

[Event "FIDE World Senior Team Championship 2020"]
[Site "Olympik hotel, Sokolovska 138,"]
[Date "2020.03.06"]
[Round "1.14"]
[White "Rintakoski, Pentti"]
[Black "Danner, Lambert"]
[Result "0-1"]
[WhiteElo "1735"]
[BlackElo "2022"]
[PlyCount "122"]
[EventDate "2020.03.06"]
[WhiteTeam "FIN1"]
[BlackTeam "AUT1"]

1. e4 d6 2. Bc4 Nf6 3. d3 c6 4. Nf3 Bg4 5. Nc3 e5 6. Bg5 Be7 7. h3 Bh5 8. d4
Nbd7 9. Be2 Qa5 10. O-O Bxf3 11. Bxf3 exd4 12. Bxf6 Bxf6 13. Ne2 Qe5 14. c3
dxc3 15. Nxc3 O-O 16. Rb1 Rad8 17. Qc2 Nc5 18. Na4 Ne6 19. Qd3 Nf4 20. Qb3 b5
21. Nc3 a5 22. Nd1 Qg5 23. Kh2 a4 24. Qe3 c5 25. g3 Ne6 26. Qxg5 Nxg5 27. Bg2
Rfe8 28. f3 Bd4 29. Nc3 a3 30. Nd1 axb2 31. Nxb2 Ra8 32. Nd3 b4 33. Nc1 Ra3 34.
h4 Ne6 35. f4 Nc7 36. Rb3 Ra7 37. Rd1 Nb5 38. e5 Nc3 39. Rd2 dxe5 40. fxe5 Be3
41. Rc2 Bxc1 42. Rxc1 Rxa2 43. Rcxc3 bxc3 44. Rxc3 Ra5 45. Re3 c4 46. Rc3 Rc5
47. Bf1 Rec8 48. Kh3 Kf8 49. Kg4 Rxe5 50. Kf4 Rec5 51. Bh3 R8c7 52. Bf1 Ke7 53.
Bg2 Kd6 54. g4 Rb5 55. Bf1 Rb4 56. Ke4 Kc5 57. h5 Re7+ 58. Kf4 Kd4 59. Rc1 Re4+
60. Kf3 Rb3+ 61. Kf2 Rf4+ 0-1

[Event "FIDE World Senior Team Championship 2020"]
[Site "Olympik hotel, Sokolovska 138,"]
[Date "2020.03.06"]
[Round "1.15"]
[White "Mozna, Eva"]
[Black "Boehnisch, Manfred"]
[Result "1/2-1/2"]
[WhiteElo "1907"]
[BlackElo "2246"]
[PlyCount "91"]
[EventDate "2020.03.06"]
[WhiteTeam "CZEW"]
[BlackTeam "GER7"]

1. d4 d5 2. Nf3 Nf6 3. g3 Bg4 4. Bg2 Nbd7 5. O-O e6 6. Nbd2 Be7 7. h3 Bh5 8. c4
c6 9. b3 O-O 10. Bb2 a5 11. a4 h6 12. Kh2 Ne4 13. cxd5 Nxd2 14. Qxd2 exd5 15.
Ne5 Re8 16. Nxd7 Qxd7 17. e3 Bg6 18. Bc3 Bd8 19. Rae1 Bc7 20. Bf3 Be4 21. Bxe4
dxe4 22. Qe2 Qd5 23. Qc4 Qf5 24. Qe2 h5 25. h4 Qg4 26. Qxg4 hxg4 27. Kg2 Red8
28. Rc1 Rd5 29. Rc2 f6 30. Rfc1 Kf7 31. Kf1 Ke6 32. Ke2 Bd6 33. Be1 g6 34. Bc3
Ra6 35. Be1 g5 36. hxg5 Rxg5 37. Bd2 Rh5 38. Be1 Kd7 39. Bd2 Rh2 40. Kf1 Ba3
41. Rd1 Rh5 42. Ke2 Rb6 43. Rb1 Bd6 44. Rcb2 Bb4 45. Bxb4 Rxb4 46. Kd2 1/2-1/2

[Event "FIDE World Senior Team Championship 2020"]
[Site "Olympik hotel, Sokolovska 138,"]
[Date "2020.03.06"]
[Round "1.15"]
[White "Beltz, Robert"]
[Black "Pribylova, Ruzena"]
[Result "1-0"]
[WhiteElo "2158"]
[BlackElo "1823"]
[PlyCount "49"]
[EventDate "2020.03.06"]
[WhiteTeam "GER7"]
[BlackTeam "CZEW"]

1. e4 c5 2. Nf3 d6 3. d4 cxd4 4. Nxd4 Nf6 5. Nc3 a6 6. Be2 e6 7. O-O Be7 8. Be3
O-O 9. Qd2 b5 10. f3 Bb7 11. Rfd1 Qc7 12. Rac1 d5 13. exd5 Nxd5 14. Nxd5 Bxd5
15. c4 bxc4 16. Bxc4 Qb7 17. Nf5 Bxc4 18. Nxe7+ Qxe7 19. Rxc4 Qb7 20. Qc3 a5
21. Rg4 f5 22. Rc4 Na6 23. Qe5 Rfe8 24. Rd6 Nc7 25. Rd7 1-0

[Event "FIDE World Senior Team Championship 2020"]
[Site "Olympik hotel, Sokolovska 138,"]
[Date "2020.03.06"]
[Round "1.15"]
[White "Modrova, Hana"]
[Black "Baumbach, Friedrich"]
[Result "0-1"]
[WhiteElo "1810"]
[BlackElo "2130"]
[PlyCount "50"]
[EventDate "2020.03.06"]
[WhiteTeam "CZEW"]
[BlackTeam "GER7"]

1. d4 d5 2. Nf3 Nf6 3. Bg5 Ne4 4. Bh4 c6 5. Nbd2 Qb6 6. Qc1 Nxd2 7. Kxd2 e5 8.
dxe5 Bg4 9. e3 Bxf3 10. Bg3 Be4 11. c3 Nd7 12. f3 Bg6 13. b4 a5 14. a3 Be7 15.
h4 h5 16. Bf4 O-O 17. g4 axb4 18. axb4 c5 19. gxh5 Bxh5 20. b5 c4 21. Rxa8 Rxa8
22. Qb1 Bg6 23. e4 dxe4 24. Bxc4 e3+ 25. Bxe3 Bxb1 0-1

[Event "FIDE World Senior Team Championship 2020"]
[Site "Olympik hotel, Sokolovska 138,"]
[Date "2020.03.06"]
[Round "1.15"]
[White "Walther, Hans-Wolfgang"]
[Black "Sunkova, Marie"]
[Result "1-0"]
[WhiteElo "2111"]
[BlackElo "1837"]
[PlyCount "69"]
[EventDate "2020.03.06"]
[WhiteTeam "GER7"]
[BlackTeam "CZEW"]

1. d4 d5 2. Nf3 Nf6 3. Bf4 e6 4. e3 Bd6 5. Bd3 O-O 6. Nbd2 b6 7. Qe2 Bb7 8. O-O
c5 9. c3 Nc6 10. Bxd6 Qxd6 11. e4 dxe4 12. Nxe4 Nxe4 13. Qxe4 f5 14. Qe2 cxd4
15. Bc4 Rf6 16. Rad1 Rh6 17. Rfe1 Nd8 18. Rxd4 Qc7 19. h4 Qc6 20. Bb5 Qc7 21.
Rd7 Qf4 22. Red1 Bxf3 23. Rxd8+ Rxd8 24. Rxd8+ Kf7 25. Qxf3 Qxh4 26. Qb7+ Kf6
27. Rf8+ Ke5 28. Qxg7+ Kd6 29. Qd4+ Qxd4 30. cxd4 Ke7 31. Rc8 Rh4 32. Rc7+ Kf6
33. Rd7 h5 34. g3 Re4 35. Kf1 1-0

[Event "FIDE World Senior Team Championship 2020"]
[Site "Olympik hotel, Sokolovska 138,"]
[Date "2020.03.06"]
[Round "1.16"]
[White "White, Alastair F"]
[Black "Farrand, Julian T"]
[Result "1/2-1/2"]
[WhiteElo "2052"]
[BlackElo "1942"]
[PlyCount "81"]
[EventDate "2020.03.06"]
[WhiteTeam "SCO"]
[BlackTeam "ENG2"]

1. e4 Nc6 2. Nc3 e6 3. g3 d5 4. Bg2 Nf6 5. exd5 exd5 6. d4 h6 7. Nge2 Bf5 8. a3
Qd7 9. O-O g5 10. Be3 Bh3 11. Qd2 O-O-O 12. Nc1 Bxg2 13. Kxg2 Ne4 14. Qd3 f5
15. f3 Nxc3 16. Qxc3 f4 17. Bg1 Bd6 18. Nd3 g4 19. Ne5 Bxe5 20. dxe5 d4 21. Qc5
gxf3+ 22. Rxf3 fxg3 23. hxg3 Qd5 24. Qxd5 Rxd5 25. Re1 Rxe5 26. Rxe5 Nxe5 27.
Bxd4 Nxf3 28. Bxh8 Ne1+ 29. Kh3 Nxc2 30. Bg7 Kd7 31. Bxh6 b5 32. Kg4 Ke6 33.
Kf4 Nd4 34. Ke4 c5 35. Be3 Nf5 36. Bxc5 Nxg3+ 37. Kd3 a6 38. Bf2 Nf5 39. Kc3
Kd5 40. Kb4 Kc6 41. a4 1/2-1/2

[Event "FIDE World Senior Team Championship 2020"]
[Site "Olympik hotel, Sokolovska 138,"]
[Date "2020.03.06"]
[Round "1.16"]
[White "Valentine, Brian J"]
[Black "Scrimgour, Alan"]
[Result "1/2-1/2"]
[WhiteElo "1942"]
[BlackElo "2059"]
[PlyCount "38"]
[EventDate "2020.03.06"]
[WhiteTeam "ENG2"]
[BlackTeam "SCO"]

1. e4 c5 2. Nf3 e6 3. d4 cxd4 4. Nxd4 Nf6 5. Nc3 Nc6 6. g3 Qc7 7. Bg2 d6 8. O-O
Bd7 9. Be3 Be7 10. Nxc6 Bxc6 11. f4 O-O 12. Re1 a6 13. Qe2 Rac8 14. Bd4 e5 15.
Bf2 b5 16. a3 Rfe8 17. Rad1 Bf8 18. fxe5 dxe5 19. Rd2 Qb7 1/2-1/2

[Event "FIDE World Senior Team Championship 2020"]
[Site "Olympik hotel, Sokolovska 138,"]
[Date "2020.03.06"]
[Round "1.16"]
[White "Levy, David N L"]
[Black "Ingham, H William"]
[Result "1/2-1/2"]
[WhiteElo "2310"]
[BlackElo "1875"]
[PlyCount "63"]
[EventDate "2020.03.06"]
[WhiteTeam "SCO"]
[BlackTeam "ENG2"]

1. e4 d5 2. exd5 Nf6 3. d4 Nxd5 4. Nf3 Bg4 5. h3 Bh5 6. c4 Nb6 7. g4 Bg6 8. Nc3
e6 9. Ne5 N8d7 10. Nxg6 hxg6 11. Bg2 c6 12. Qe2 Bb4 13. O-O O-O 14. Rd1 Qc7 15.
Bg5 Rfe8 16. c5 Nc8 17. Ne4 Qb8 18. Qf3 Ba5 19. a3 Bc7 20. b4 Ne7 21. Nc3 Nd5
22. b5 Nxc3 23. Qxc3 cxb5 24. Qf3 Bd8 25. c6 bxc6 26. Qxc6 Bxg5 27. Qxd7 Qd8
28. Qxb5 Rb8 29. Qc5 Qe7 30. Rab1 Rbc8 31. Qb5 Bh4 32. a4 1/2-1/2

[Event "FIDE World Senior Team Championship 2020"]
[Site "Olympik hotel, Sokolovska 138,"]
[Date "2020.03.06"]
[Round "1.16"]
[White "Goldrick, Thomas G"]
[Black "McKerracher, Douglas"]
[Result "1/2-1/2"]
[WhiteElo "1850"]
[BlackElo "1852"]
[PlyCount "61"]
[EventDate "2020.03.06"]
[WhiteTeam "ENG2"]
[BlackTeam "SCO"]

1. d4 f5 2. c4 Nf6 3. Nc3 e6 4. Nf3 d5 5. Bf4 c6 6. e3 Bb4 7. Qb3 Bxc3+ 8. bxc3
O-O 9. Bd3 Ne4 10. O-O Nd7 11. Bxe4 fxe4 12. Ne5 Nxe5 13. Bxe5 b6 14. Qa4 Bb7
15. cxd5 exd5 16. c4 a5 17. cxd5 Qxd5 18. Qb3 Qxb3 19. axb3 Rfc8 20. Ra2 c5 21.
g4 Bd5 22. Rb1 b5 23. dxc5 Rxc5 24. Bd4 Rcc8 25. Rd2 Be6 26. h3 Rc6 27. b4 a4
28. Bc5 h5 29. gxh5 Bxh3 30. Rd5 Re8 31. Bd4 1/2-1/2

[Event "FIDE World Senior Team Championship 2020"]
[Site "Olympik hotel, Sokolovska 138,"]
[Date "2020.03.06"]
[Round "1.17"]
[White "Lahti, Jouko"]
[Black "Vogt, Lothar"]
[Result "0-1"]
[WhiteElo "1953"]
[BlackElo "2352"]
[PlyCount "48"]
[EventDate "2020.03.06"]
[WhiteTeam "FIN2"]
[BlackTeam "GER6"]

1. d4 Nf6 2. Bf4 c5 3. e3 Qb6 4. b3 g6 5. Nf3 Bg7 6. h3 Nc6 7. c3 Qa5 8. Ne5
Nd5 9. Nc4 Qd8 10. Bh2 b5 11. e4 Nxc3 12. Nxc3 bxc4 13. Na4 cxb3 14. axb3 Qa5+
15. Qd2 Qxd2+ 16. Kxd2 Bxd4 17. Rc1 d6 18. Bb5 Bd7 19. f3 Na5 20. Bxd7+ Kxd7
21. Kc2 Rab8 22. Rb1 Rb4 23. Rhd1 Rhb8 24. Nxc5+ Bxc5 0-1

[Event "FIDE World Senior Team Championship 2020"]
[Site "Olympik hotel, Sokolovska 138,"]
[Date "2020.03.06"]
[Round "1.17"]
[White "Sandmeier, Toni"]
[Black "Ranki, Martti"]
[Result "1-0"]
[WhiteElo "2190"]
[BlackElo "1914"]
[PlyCount "69"]
[EventDate "2020.03.06"]
[WhiteTeam "GER6"]
[BlackTeam "FIN2"]

1. c4 c5 2. g3 g6 3. Nf3 Bg7 4. d4 cxd4 5. Nxd4 Nc6 6. Nc2 Nf6 7. Bg2 O-O 8.
O-O d6 9. Nc3 Ne5 10. b3 Rb8 11. Qd2 Bd7 12. f4 Nc6 13. e4 a6 14. Bb2 b5 15.
Ne3 Qb6 16. Kh1 Qa7 17. Rae1 Rfe8 18. Ncd5 Nh5 19. g4 Bxb2 20. Qxb2 Ng7 21. e5
dxe5 22. fxe5 bxc4 23. Nxc4 Nb4 24. Nxb4 Rxb4 25. Qd2 Rbb8 26. Qf4 Be6 27. Na5
Qb6 28. Nc6 Rbc8 29. Rc1 Qb7 30. Nd8 Qd7 31. Nxf7 Bxf7 32. Qxf7+ Kh8 33. Bc6
Qe6 34. Bxe8 Rxe8 35. Qf8+ 1-0

[Event "FIDE World Senior Team Championship 2020"]
[Site "Olympik hotel, Sokolovska 138,"]
[Date "2020.03.06"]
[Round "1.17"]
[White "Alkkiomaki, Jyrki"]
[Black "Dekan, Hans"]
[Result "0-1"]
[WhiteElo "1887"]
[BlackElo "2099"]
[PlyCount "88"]
[EventDate "2020.03.06"]
[WhiteTeam "FIN2"]
[BlackTeam "GER6"]

1. e4 c5 2. Nf3 Nc6 3. d4 cxd4 4. Nxd4 d5 5. exd5 Qxd5 6. Nxc6 Qxd1+ 7. Kxd1
bxc6 8. Bd3 Nf6 9. Nc3 e6 10. a3 Bc5 11. f3 Ke7 12. Ke2 Bd4 13. Ne4 Nxe4 14.
Bxe4 Ba6+ 15. Bd3 Bxd3+ 16. Kxd3 Rhd8 17. Ke2 Rab8 18. c3 Be5 19. f4 Bf6 20.
Rd1 a5 21. Rxd8 Kxd8 22. Kd1 a4 23. Kc2 c5 24. Be3 Rb5 25. Rd1+ Kc7 26. Rd2 Kc6
27. Kd3 Rb7 28. Kc4 Be7 29. g4 Bd6 30. h3 g6 31. Rf2 f5 32. Bc1 fxg4 33. hxg4
h5 34. gxh5 gxh5 35. Rh2 Rh7 36. Rh4 Be7 37. Rh3 h4 38. Be3 Rg7 39. Kd3 Rg2 40.
Bd2 c4+ 41. Kc2 Rg3 42. Rh1 h3 43. Kc1 Bc5 44. Rh2 Bg1 0-1

[Event "FIDE World Senior Team Championship 2020"]
[Site "Olympik hotel, Sokolovska 138,"]
[Date "2020.03.06"]
[Round "1.17"]
[White "Staub, Gerhard"]
[Black "Kauko, Pekka"]
[Result "1/2-1/2"]
[WhiteElo "1986"]
[BlackElo "1868"]
[PlyCount "92"]
[EventDate "2020.03.06"]
[WhiteTeam "GER6"]
[BlackTeam "FIN2"]

1. e4 Nf6 2. e5 Nd5 3. Nc3 Nxc3 4. dxc3 g6 5. Bf4 Bg7 6. Qd2 Nc6 7. Nf3 d6 8.
exd6 cxd6 9. h4 Qb6 10. O-O-O Be6 11. a3 Rc8 12. h5 Na5 13. Nd4 Bc4 14. hxg6
hxg6 15. Rxh8+ Bxh8 16. Ne2 Ba2 17. Be3 Qc7 18. Nf4 a6 19. Nd5 Bxd5 20. Qxd5
Bf6 21. Kb1 b5 22. Bd4 e5 23. Be3 Be7 24. Be2 Nc4 25. Bc1 Nb6 26. Qf3 d5 27.
Rh1 f5 28. Rh7 Qd6 29. Qg3 Qf6 30. Rh6 Rc6 31. Bh5 f4 32. Qxg6+ Qxg6 33. Rxg6
Rxg6 34. Bxg6+ Kf8 35. g3 Kg7 36. Be8 Bd6 37. gxf4 exf4 38. b3 Kf6 39. Bb2 Kg5
40. f3 Kh4 41. Kc1 Kg3 42. Bh5 Nd7 43. c4 dxc4 44. bxc4 bxc4 45. Bg4 Ne5 46.
Bxe5 Bxe5 1/2-1/2

[Event "FIDE World Senior Team Championship 2020"]
[Site "Olympik hotel, Sokolovska 138,"]
[Date "2020.03.06"]
[Round "1.18"]
[White "Klundt, Klaus"]
[Black "Bartonicek, Zdenek"]
[Result "1-0"]
[WhiteElo "2299"]
[BlackElo "1949"]
[PlyCount "82"]
[EventDate "2020.03.06"]
[WhiteTeam "GER5"]
[BlackTeam "CZE8"]

1. e4 d6 2. d4 e5 3. Nf3 Nd7 4. Bc4 Be7 5. dxe5 Nxe5 6. Nxe5 dxe5 7. Qh5 g6 8.
Qxe5 Nf6 9. Bh6 Rg8 10. Bf4 Ng4 11. Qxc7 Qd4 12. O-O Bd7 13. c3 Qf6 14. Rd1 Rd8
15. Rxd7 Rxd7 16. Bb5 Qe6 17. Qxb7 g5 18. Bg3 h5 19. Na3 Nf6 20. Nc4 Kf8 21.
Bxd7 Nxd7 22. Qd5 Nc5 23. Re1 Rg6 24. Be5 Qc6 25. Bd4 Nd3 26. Qxc6 Rxc6 27. Ne5
Nxe5 28. Bxe5 Ra6 29. a3 Rb6 30. c4 Rc6 31. Rc1 Re6 32. Bd4 a6 33. f3 Rd6 34.
Bc3 Rd3 35. Kf1 g4 36. Ke2 Rd7 37. f4 Rb7 38. f5 Bg5 39. Rc2 Ke8 40. Kd3 Bf4
41. h3 g3 1-0

[Event "FIDE World Senior Team Championship 2020"]
[Site "Olympik hotel, Sokolovska 138,"]
[Date "2020.03.06"]
[Round "1.18"]
[White "Fabian, Jan"]
[Black "Kannenberg, Karl-Heinz"]
[Result "1/2-1/2"]
[WhiteElo "1896"]
[BlackElo "2118"]
[PlyCount "64"]
[EventDate "2020.03.06"]
[WhiteTeam "CZE8"]
[BlackTeam "GER5"]

1. e4 c6 2. d4 d5 3. e5 Bf5 4. Ne2 e6 5. Ng3 Bg6 6. Bd3 Ne7 7. O-O Qb6 8. c3
Bxd3 9. Qxd3 c5 10. a4 cxd4 11. a5 Qa6 12. Qxd4 Nbc6 13. Qa4 O-O-O 14. f4 h5
15. b4 b5 16. axb6 Qxa4 17. Rxa4 axb6 18. Na3 h4 19. Ne2 Nf5 20. Nb5 Kb7 21. g4
hxg3 22. Nxg3 Nxg3 23. hxg3 d4 24. Rd1 dxc3 25. Rxd8 Nxd8 26. Nxc3 Nc6 27. b5
Bc5+ 28. Kg2 Na7 29. Ba3 Rc8 30. Kf3 Bg1 31. Bb2 Rd8 32. Ba1 Bc5 1/2-1/2

[Event "FIDE World Senior Team Championship 2020"]
[Site "Olympik hotel, Sokolovska 138,"]
[Date "2020.03.06"]
[Round "1.18"]
[White "Krauseneck, Peter"]
[Black "Becvar, Miroslav"]
[Result "1/2-1/2"]
[WhiteElo "2126"]
[BlackElo "1857"]
[PlyCount "74"]
[EventDate "2020.03.06"]
[WhiteTeam "GER5"]
[BlackTeam "CZE8"]

1. d4 e6 2. Bf4 d5 3. e3 Nf6 4. Nc3 Bb4 5. Nge2 O-O 6. a3 Bd6 7. Qd2 b6 8. f3
Ba6 9. g4 c5 10. g5 Nh5 11. Bxd6 Qxd6 12. O-O-O Nc6 13. Nf4 Bxf1 14. Nxh5 cxd4
15. Rhxf1 dxc3 16. Qxc3 d4 17. exd4 Qd5 18. f4 Ne7 19. Kb1 Nf5 20. Qh3 Rac8 21.
Qf3 Rfd8 22. c3 Qb5 23. Ng3 Nd6 24. Qh5 Nc4 25. Qe2 Qd5 26. Ka1 Nxa3 27. bxa3
Rxc3 28. Rd3 Rdc8 29. Rxc3 Rxc3 30. Qb2 Qxd4 31. Ka2 Qc4+ 32. Ka1 Qc5 33. Kb1
Qc4 34. Rc1 Qd3+ 35. Ka2 Qc4+ 36. Kb1 Qd3+ 37. Ka2 Qc4+ 1/2-1/2

[Event "FIDE World Senior Team Championship 2020"]
[Site "Olympik hotel, Sokolovska 138,"]
[Date "2020.03.06"]
[Round "1.18"]
[White "Danek, Vaclav"]
[Black "Seibold, Hubert"]
[Result "0-1"]
[WhiteElo "1838"]
[BlackElo "2123"]
[PlyCount "120"]
[EventDate "2020.03.06"]
[WhiteTeam "CZE8"]
[BlackTeam "GER5"]

1. e4 c5 2. Nc3 Nc6 3. g3 g6 4. Bg2 Bg7 5. Nge2 e6 6. d3 Nge7 7. Be3 Nd4 8. f4
d6 9. Qd2 Qa5 10. Nxd4 cxd4 11. Nd1 Qa4 12. Bf2 Bd7 13. c3 Nc6 14. O-O Rc8 15.
cxd4 Nxd4 16. Nc3 Qa5 17. Be3 O-O 18. Qf2 Nc6 19. d4 Ne7 20. h3 b6 21. g4 f5
22. gxf5 gxf5 23. e5 dxe5 24. dxe5 Bc6 25. Rfd1 Rcd8 26. a3 Bxg2 27. Kxg2 Qa6
28. Qf3 Qc4 29. Rd6 Ng6 30. Rc6 Qb3 31. Qe2 Rf7 32. Rd1 Rxd1 33. Qxd1 Qxb2+ 34.
Qe2 Qxa3 35. Qc4 Nf8 36. Rc8 Re7 37. Bf2 Kf7 38. Nb5 Qb2 39. Nd6+ Kg6 40. Qd3
h6 41. Ra8 Qa2 42. Kf3 Rc7 43. Kg2 Kh7 44. Ne8 Rd7 45. Qf3 Ng6 46. Kh2 Qd2 47.
Qe3 Qxe3 48. Bxe3 Ne7 49. Kg2 Nd5 50. Kf2 h5 51. Nxg7 Kxg7 52. Ke2 Rc7 53. Bd2
a5 54. Kd3 Rc6 55. Ra7+ Kg6 56. Rd7 a4 57. Rd6 Rxd6 58. exd6 Kf7 59. Kd4 Ke8
60. Bc1 Kd7 0-1

[Event "FIDE World Senior Team Championship 2020"]
[Site "Olympik hotel, Sokolovska 138,"]
[Date "2020.03.06"]
[Round "1.19"]
[White "Vanka, Miloslav"]
[Black "Goormachtigh, Johan"]
[Result "1/2-1/2"]
[WhiteElo "2125"]
[BlackElo "2181"]
[PlyCount "35"]
[EventDate "2020.03.06"]
[WhiteTeam "CZE9"]
[BlackTeam "BEL"]

1. d4 Nf6 2. Nf3 g6 3. Bg5 Bg7 4. e3 d5 5. Nbd2 O-O 6. Be2 c5 7. c3 b6 8. O-O
Bb7 9. Ne5 Nfd7 10. f4 f6 11. Nxd7 Nxd7 12. Bh4 Qe8 13. Bf3 Rc8 14. Qb3 Qf7 15.
Bf2 f5 16. Be2 c4 17. Qc2 Nf6 18. Rfc1 1/2-1/2

[Event "FIDE World Senior Team Championship 2020"]
[Site "Olympik hotel, Sokolovska 138,"]
[Date "2020.03.06"]
[Round "1.19"]
[White "Van Herck, Marcel"]
[Black "Sedlak, Ludek"]
[Result "1/2-1/2"]
[WhiteElo "2056"]
[BlackElo "1917"]
[PlyCount "34"]
[EventDate "2020.03.06"]
[WhiteTeam "BEL"]
[BlackTeam "CZE9"]

1. e4 e5 2. f4 exf4 3. Bc4 d6 4. d4 Nf6 5. Nc3 Bg4 6. Nf3 Be7 7. Bxf4 Nc6 8.
O-O O-O 9. Qd3 Na5 10. h3 Bh5 11. Bb3 Nxb3 12. axb3 Bg6 13. Qe2 Re8 14. Rae1
Nxe4 15. Nxe4 Bf8 16. Nfd2 d5 17. Qb5 dxe4 1/2-1/2

[Event "FIDE World Senior Team Championship 2020"]
[Site "Olympik hotel, Sokolovska 138,"]
[Date "2020.03.06"]
[Round "1.19"]
[White "Halla, Jiri"]
[Black "Aragones-Melhem, Georgy"]
[Result "0-1"]
[WhiteElo "1744"]
[BlackElo "2106"]
[PlyCount "36"]
[EventDate "2020.03.06"]
[WhiteTeam "CZE9"]
[BlackTeam "BEL"]

1. b3 d5 2. Bb2 Nf6 3. f4 Nc6 4. Nf3 g6 5. e3 Bg7 6. Bb5 O-O 7. Bxc6 bxc6 8.
O-O c5 9. d3 a5 10. Nbd2 a4 11. c4 d4 12. exd4 a3 13. Bc1 Ng4 14. Qe2 Bxd4+ 15.
Nxd4 Qxd4+ 16. Kh1 Qxa1 17. Bxa3 Qd4 18. Nf3 Qe3 0-1

[Event "FIDE World Senior Team Championship 2020"]
[Site "Olympik hotel, Sokolovska 138,"]
[Date "2020.03.06"]
[Round "1.19"]
[White "Schrickx, Frank"]
[Black "Macoun, Jiri"]
[Result "1/2-1/2"]
[WhiteElo "1826"]
[BlackElo "1713"]
[PlyCount "84"]
[EventDate "2020.03.06"]
[WhiteTeam "BEL"]
[BlackTeam "CZE9"]

1. e4 e5 2. Nf3 Nc6 3. Bb5 Bc5 4. Nc3 d6 5. d4 exd4 6. Nxd4 Bxd4 7. Qxd4 Qf6 8.
Qd3 Nge7 9. Nd5 Qg6 10. Nxe7 Kxe7 11. Bxc6 bxc6 12. O-O Re8 13. Bd2 Kf8 14.
Rfe1 c5 15. Bc3 Bb7 16. f3 Bc6 17. Qc4 Bd7 18. Kh1 Reb8 19. Qe2 a6 20. Rad1 Re8
21. Ba5 Rec8 22. Qd3 Qe6 23. c4 Rab8 24. b3 Bc6 25. Bc3 Re8 26. Ba1 Rbd8 27.
Qc3 f6 28. Qa5 Qd7 29. Qd2 Re7 30. Bc3 Kf7 31. Qf2 Bb7 32. Qh4 Kg8 33. Qg3 Qe6
34. h4 Qf7 35. e5 fxe5 36. Rxe5 Rxe5 37. Bxe5 Re8 38. Bc3 h6 39. Re1 Rd8 40.
Qg4 Rf8 41. Qe6 Qxe6 42. Rxe6 Kf7 1/2-1/2

[Event "FIDE World Senior Team Championship 2020"]
[Site "Olympik hotel, Sokolovska 138,"]
[Date "2020.03.06"]
[Round "1.20"]
[White "Jimenez Molina, Juan Leon"]
[Black "Fleuch, Hans-Juergen"]
[Result "1/2-1/2"]
[WhiteElo "2174"]
[BlackElo "1948"]
[PlyCount "36"]
[EventDate "2020.03.06"]
[WhiteTeam "CRC"]
[BlackTeam "GER10"]

1. Nf3 Nc6 2. d4 d6 3. g3 Bg4 4. Bg2 Nf6 5. O-O Qd7 6. c4 Bh3 7. Nc3 Bxg2 8.
Kxg2 g6 9. b4 Bg7 10. b5 Nd8 11. a4 c6 12. Qb3 O-O 13. Ba3 Re8 14. Rad1 Qf5 15.
Qb1 Qxb1 16. Rxb1 Nd7 17. bxc6 bxc6 18. a5 Ne6 1/2-1/2

[Event "FIDE World Senior Team Championship 2020"]
[Site "Olympik hotel, Sokolovska 138,"]
[Date "2020.03.06"]
[Round "1.20"]
[White "Tichatschke, Wolfgang"]
[Black "Rovira Mas, Jorge"]
[Result "1/2-1/2"]
[WhiteElo "1974"]
[BlackElo "2196"]
[PlyCount "35"]
[EventDate "2020.03.06"]
[WhiteTeam "GER10"]
[BlackTeam "CRC"]

1. e4 g6 2. d4 Bg7 3. Nf3 d6 4. Nc3 Nd7 5. Be2 a6 6. O-O b5 7. a4 b4 8. Nd5 Rb8
9. Re1 e6 10. Nf4 Ne7 11. Bc4 Nb6 12. Bb3 a5 13. c4 bxc3 14. bxc3 O-O 15. Qd3
c5 16. Be3 Qc7 17. Nd2 Bd7 18. Reb1 1/2-1/2